Gaming Quiz

Random Gaming or Video Games Quiz

Video Games by Mouse Pad Quiz Stats

 Plays Quiz Updated Aug 9, 2019

Score 0/16 Timer 04:00
13 Plays Today
Hint Video Game % Correct
Super Mario Bros.
96.3%
Sonic the Hedgehog
95.2%
Pac-Man
95%
Tetris
94.5%
Pokémon
92.4%
The Legend of Zelda
91.6%
Minecraft
89.6%
Pong
84.8%
Hint Video Game % Correct
Grand Theft Auto: San Andreas
84.4%
Portal
76.8%
Fallout
76.6%
Street Fighter
73%
Assassin's Creed
71.9%
The Elder Scrolls V: Skyrim
66%
Overwatch
55.7%
Resident Evil
44.3%

You're not logged in!

Compare scores with friends on all Sporcle quizzes.
OR
Log In

Sporcle TV

Today on Sporcle TV


Watch our educational content, quiz creation guides, and fun videos on Sporcle TV.

Show Comments

Extras

Top Quizzes Today


Score Distribution

Your Account Isn't Verified!

In order to create a playlist on Sporcle, you need to verify the email address you used during registration. Go to your Sporcle Settings to finish the process.

Report this User

Report this user for behavior that violates our Community Guidelines.

Details: